Gdyby Nie Tywarszawo! (Lp Sx T 74) (Record n. 99828)
[ formato base ]
| 000 -LEADER | |
|---|---|
| fixed length control field | 02873njm a2200433Ia 4500 |
| 001 - CONTROL NUMBER | |
| control field | 72975 |
| 003 - CONTROL NUMBER IDENTIFIER | |
| control field | IT-RoPAU |
| 005 - DATE AND TIME OF LATEST TRANSACTION | |
| control field | 20220918181121.0 |
| 008 - FIXED-LENGTH DATA ELEMENTS--GENERAL INFORMATION | |
| fixed length control field | 131025s9999 xx 000 0 und d |
| 040 ## - CATALOGING SOURCE | |
| Original cataloging agency | IT-RoPAU |
| 040 ## - CATALOGING SOURCE | |
| Transcribing agency | IT-RoPAU |
| 041 ## - LANGUAGE CODE | |
| Language code of text/sound track or separate title | POLACCO |
| 999 ## - SYSTEM CONTROL NUMBERS (KOHA) | |
| Koha Dewey Subclass [OBSOLETE] | n.d. |
| 100 ## - MAIN ENTRY--PERSONAL NAME | |
| Personal name | AA.VV. |
| 9 (RLIN) | 794 |
| 100 ## - MAIN ENTRY--PERSONAL NAME | |
| Relator term | Autore musica |
| 9 (RLIN) | 24586 |
| 100 ## - MAIN ENTRY--PERSONAL NAME | |
| Miscellaneous information | Codice autore musica SPICS: 12000 |
| 9 (RLIN) | 796 |
| 245 ## - TITLE STATEMENT | |
| Title | Gdyby Nie Tywarszawo! (Lp Sx T 74) |
| 250 ## - EDITION STATEMENT | |
| Edition statement | 1a ed. |
| 260 ## - PUBLICATION, DISTRIBUTION, ETC. (IMPRINT) | |
| Place of publication, distribution, etc. | POLONIA |
| 260 ## - PUBLICATION, DISTRIBUTION, ETC. (IMPRINT) | |
| Name of publisher, distributor, etc. | TONPRESS |
| Date of publication, distribution, etc. | 1987 [1a Ed.:1987 - Ed. Lingua Orig.: 1987] |
| 300 ## - PHYSICAL DESCRIPTION | |
| Extent | DISCO |
| 300 ## - PHYSICAL DESCRIPTION | |
| Dimensions | 40 minuti (Testo: 0 pag.) |
| 500 ## - GENERAL NOTE | |
| General note | Musica pop polacca. Se non ci fossi tu Varsavia |
| 505 ## - FORMATTED CONTENTS NOTE | |
| Formatted contents note | W Warszawie Jest Wszystko [(Rosiewicz Andrzej) (4:00)] - Ulice Nibi Piosenki [(Niemen Czeslaw) (5:00)] - Pan Watrobka, Pan Piecyk, Pan Wiech [(Stepowski Jarema) (4:00)] - Najszybsze Domy Swiata [(Buda Pod) (4:00)] - Warszawa Jaka By Mogla Byc [(Santor I.) (6:00)] - Gdyby Nie Ty Warszawo [(Wodecki Z.) (5:00)] - Dzien Dobry Nike [(Wojdak A.) (4:00)] - Jest Warszawa [(Wodecki Z.) (4:00)] - Male Mieszkanko Na Mariensztacie [(Buda Pod) (5:00)] - Taksowkarz Warszawski [(Stepowski Jarema) (4:00)] |
| 650 ## - SUBJECT ADDED ENTRY--TOPICAL TERM | |
| Topical term or geographic name as entry element | POP [DISCHI] |
| Relator term | Codice MATERIA SPICS: 9950 |
| 9 (RLIN) | 1001 |
| 700 ## - ADDED ENTRY--PERSONAL NAME | |
| Personal name | Sart M. |
| Dates associated with a name | Codice autore musica SPICS: 25397 |
| Relator term | Autore musica |
| Name of part/section of a work | W Warszawie Jest Wszystko - Ulice Nibi Piosenki - Pan Watrobka, Pan Piecyk, Pan Wiech - Najszybsze Domy Swiata - Warszawa Jaka By Mogla Byc - Gdyby Nie Ty Warszawo - Dzien Dobry Nike |
| 9 (RLIN) | 24587 |
| 700 ## - ADDED ENTRY--PERSONAL NAME | |
| Personal name | Kobylinski Sz. |
| Dates associated with a name | Codice autore testo/musica SPICS: 25494 |
| Relator term | Autore testo/musica |
| Name of part/section of a work | W Warszawie Jest Wszystko - Pan Watrobka, Pan Piecyk, Pan Wiech |
| 9 (RLIN) | 24588 |
| 700 ## - ADDED ENTRY--PERSONAL NAME | |
| Personal name | Kord K. |
| Dates associated with a name | Codice autore testo/musica SPICS: 25495 |
| Relator term | Autore testo/musica |
| Name of part/section of a work | Ulice Nibi Piosenki |
| 9 (RLIN) | 24589 |
| 700 ## - ADDED ENTRY--PERSONAL NAME | |
| Personal name | Bianusz A. |
| Dates associated with a name | Codice autore testo/musica SPICS: 25496 |
| Relator term | Autore testo/musica |
| Name of part/section of a work | Najszybsze Domy Swiata - Warszawa Jaka By Mogla Byc |
| 9 (RLIN) | 24590 |
| 700 ## - ADDED ENTRY--PERSONAL NAME | |
| Personal name | Szemioth K. |
| Dates associated with a name | Codice autore testo/musica SPICS: 25497 |
| Relator term | Autore testo/musica |
| Name of part/section of a work | Gdyby Nie Ty Warszawo |
| 9 (RLIN) | 24591 |
| 700 ## - ADDED ENTRY--PERSONAL NAME | |
| Personal name | Miller J. |
| Dates associated with a name | Codice autore testo/musica SPICS: 25498 |
| Relator term | Autore testo/musica |
| Name of part/section of a work | Dzien Dobry Nike |
| 9 (RLIN) | 24592 |
| 700 ## - ADDED ENTRY--PERSONAL NAME | |
| Personal name | Klimczuk B. |
| Dates associated with a name | Codice autore musica SPICS: 25096 |
| Relator term | Autore musica |
| Name of part/section of a work | Jest Warszawa |
| 9 (RLIN) | 24593 |
| 700 ## - ADDED ENTRY--PERSONAL NAME | |
| Personal name | Lech A. |
| Dates associated with a name | Codice autore testo/musica SPICS: 25499 |
| Relator term | Autore testo/musica |
| Name of part/section of a work | Jest Warszawa |
| 9 (RLIN) | 24594 |
| 700 ## - ADDED ENTRY--PERSONAL NAME | |
| Personal name | Gozdawa Z. |
| Dates associated with a name | Codice autore musica SPICS: 25398 |
| Relator term | Autore musica |
| Name of part/section of a work | Male Mieszkanko Na Mariensztacie |
| 9 (RLIN) | 24595 |
| 700 ## - ADDED ENTRY--PERSONAL NAME | |
| Personal name | Stepien W. |
| Dates associated with a name | Codice autore testo/musica SPICS: 25500 |
| Relator term | Autore testo/musica |
| Name of part/section of a work | Male Mieszkanko Na Mariensztacie |
| 9 (RLIN) | 24596 |
| 700 ## - ADDED ENTRY--PERSONAL NAME | |
| Personal name | Suchocki T. |
| Dates associated with a name | Codice autore musica SPICS: 25399 |
| Relator term | Autore musica |
| 9 (RLIN) | 24597 |
| 700 ## - ADDED ENTRY--PERSONAL NAME | |
| Personal name | Hudaszek R. |
| Dates associated with a name | Codice autore testo/musica SPICS: 25055 |
| Relator term | Autore testo/musica |
| Name of part/section of a work | Taksowkarz Warszawski |
| 9 (RLIN) | 24598 |
| 942 ## - ADDED ENTRY ELEMENTS (KOHA) | |
| Koha item type | DISCHI |
| Source of classification or shelving scheme | Dewey Decimal Classification |
| Withdrawn status | Lost status | Damaged status | Not for loan | Home library | Current library | Date acquired | Total Checkouts | Full call number | Date last seen | Price effective from | Koha item type | Public note |
|---|---|---|---|---|---|---|---|---|---|---|---|---|
| Buone Condizioni | Not For Loan | SPICS-MEDIATECA | SPICS-MEDIATECA | 25/10/2013 | 72975 | 25/10/2013 | 25/10/2013 | DISCHI | Progr. Ins.: 17426 / N.Vol.: 1 / Copie: 1 - Copia rara: n.d. / date import: 01.01.2014 - By Epidotti, Trombetti, Vaglietti |